01603cam a22003374i 4500003000900000005001700009008004100026035001700067040003300084082002000117100003200137245015100169264006300320300003800383336002100421337002500442338002300467505065400490526001001144526001001154526001001164526001001174526000801184526000801192526000801200526000801208526000801216526000801224526000801232650002501240PE-LiUPU20250731173437.0150616s1966 cau r 000 0 eng d a(Sirsi) a556 aPE-LiUPUbspacPE-LiUPUerda04a286.54bP542211 aPierson, Robert H.,eautor.10aSo you want to be a leader! :ba spiritual, human relations and promotional approach to church leadership and administration /cRoberth Pierson H. 1aCalifornia :bPacific Press Publishing Association,c1966. a152 páginas ;c20 centímetros atext2rdacontent aunmediated2rdamedia avolume2rdacarrier0 aWhy does the church need leaders? -- Do you truly measure up? -- Do you know where you are going and why? -- How do you get along with people? -- Can you really lead men? -- Can you put yourself in the other man's shoes? -- What kind of committee chairman are you? -- Do you know to make decisions?Can you promote? -- How do you budget your time? -- Do you know how to carry on effective and cordial correspondence? -- How do you fare when the going is rough? -- Can you take cristicism? -- Do you have confidence in the brethren? -- Is God your partner? -- Have you lost your sense of urgency? -- Is there fire inside? -- An administrator's prayer. aSEG42 aSEG41 aSEG40 aSEG39 aP94 aP87 aP86 aP85 aP77 aP76 aP3504aLiderazgo cristiano.